Gaming Quiz

Random Gaming or Toys Quiz

Vowel-less Pokémon Quiz Stats

 Plays Quiz Updated Nov 16, 2018

     
Support Sporcle.
Go Orange.
Score 0/20 Timer 02:00
2 Plays Today
Vowel-less Name Pokémon % Correct
pdgyPidgey
97.2%
vctnVictini
69.5%
whscshWhiscash
63.6%
lntrnLanturn
62.1%
dsclpsDusclops
61.5%
grvylGrovyle
60.8%
gddGeodude
60.5%
rshrmReshiram
57.3%
mnctrcManectric
56.5%
hndrHoundour
53%
Vowel-less Name Pokémon % Correct
mltcMilotic
52.8%
gzzlrdGuzzlord
50.7%
frrthrnFerrothorn
50.1%
hllskHeliolisk
43.2%
dhlmsDhelmise
35.4%
kldKeldeo
34%
ssmtdSeismitoad
31.1%
shntcShiinotic
30%
gthtGothita
27%
mrlllMorelull
13.1%

From the Vault

NBA Career Point Leaders by Year of Retirement

by jsnellerwm

Sports 12m
But what about those players who keep coming out of retirement?
Remove Ads.
Support Sporcle.
Get the best of Sporcle when you Go Orange. This ad-free experience offers more features, more stats, and more fun while also helping to support Sporcle. Thank you for becoming a member.

Show Comments

Extras

Top Quizzes Today


Score Distribution

Your Account Isn't Verified!

In order to create a playlist on Sporcle, you need to verify the email address you used during registration. Go to your Sporcle Settings to finish the process.

Report this User

Report this user for behavior that violates our Community Guidelines.

Details: